Op-Amps And Linear Integrated Circuits (Record no. 354372)

MARC details
000 -LEADER
fixed length control field 00404nam a2200157Ia 4500
008 - FIXED-LENGTH DATA ELEMENTS--GENERAL INFORMATION
fixed length control field 230719s9999 xx 000 0 und d
041 ## - LANGUAGE CODE
Language code of text/sound track or separate title eng
082 ## - DEWEY DECIMAL CLASSIFICATION NUMBER
Classification number 621.3815
Item number GAY
100 ## - MAIN ENTRY--PERSONAL NAME
Personal name Gayakwad R.A.
245 ## - TITLE STATEMENT
Title Op-Amps And Linear Integrated Circuits
250 ## - EDITION STATEMENT
Edition statement 3rd ed.
260 ## - PUBLICATION, DISTRIBUTION, ETC. (IMPRINT)
Name of publisher, distributor, etc. Prentice Hall of India
300 ## - PHYSICAL DESCRIPTION
Extent 640
Accompanying material [OBSOLETE, CAN/MARC] Ref 105 E (4471)
365 ## - TRADE PRICE
Currency code Rs.
Price amount 75.00
700 ## - ADDED ENTRY--PERSONAL NAME
Personal name Gayakwad R.A.
Holdings
Withdrawn status Lost status Damaged status Not for loan Home library Current library Shelving location Date acquired Vendor Cost, normal purchase price Total Checkouts Full call number Barcode Date last seen Date last checked out Cost, replacement price Bill Date Koha item type Original Barcode
        Cummins College of Engineering for Women Pune Cummins College of Engineering for Women Pune Donated Book 25/04/2016 Masurkar Enterprises 75.00 3 621.3815 CCEP-DB-577 01/01/2026 24/11/2025 75.00 19/07/2023 Books D00577